<The> Creative ways of improving the enterprise's financial outcome
Rozšírená verzia piatich variantov zmeny štruktúry nákladov a príjmov na skvalitnenie ziskovosti podniku na základe jasne vytýčených cieľov. Účelnosť opatrení je závislá na individuálnom prístupe podniku k rozhodovaniu o ziskovosti a rizikovosti opatrení.
Salvato in:
| Autore principale: | |
|---|---|
| Altri autori: | |
| Natura: | Capitolo di libro |
| Lingua: | inglese |
| Soggetti: | |
| Tags: |
Nessun Tag, puoi essere il primo ad aggiungerne!!
|
MARC
| LEADER | 00000naa a2200000 4500 | ||
|---|---|---|---|
| 001 | 0186917 | ||
| 005 | 20231211071402.8 | ||
| 041 | 0 | |a eng | |
| 044 | |a CZ | ||
| 245 | 1 | 0 | |a <The> Creative ways of improving the enterprise's financial outcome |
| 520 | |a Rozšírená verzia piatich variantov zmeny štruktúry nákladov a príjmov na skvalitnenie ziskovosti podniku na základe jasne vytýčených cieľov. Účelnosť opatrení je závislá na individuálnom prístupe podniku k rozhodovaniu o ziskovosti a rizikovosti opatrení. | ||
| 610 | 2 | 0 | |a náklady |
| 610 | 2 | 0 | |a príjmy |
| 610 | 2 | 0 | |a zisk podnikateľský |
| 610 | 2 | 0 | |a optimalizácia |
| 610 | 2 | 0 | |a rozhodovanie podnikové |
| 610 | 2 | 0 | |a výkazy finančné |
| 610 | 2 | 0 | |a racionalizácia výroby |
| 100 | 1 | |a Juszczyk, Slawomir | |
| 700 | 1 | |a Balina, Rafal | |